| 000 | 01070cab a22002175a 4500 | ||
|---|---|---|---|
| 001 | L137791 | ||
| 008 | 070430s2007 xxkbo f 000 0beng d | ||
| 035 | _a(Sirsi) u137791 | ||
| 041 | 0 | _aeng | |
| 100 | 1 | _aCross-Rudkin, P. S. M. | |
| 245 | 0 | 0 | _aThomas Telford, county surveyor |
| 260 | _c2007 | ||
| 490 | 0 |
_aCivil Engineering _v160 May 2007, 7-11(5) |
|
| 520 | _aDescribes Thomas Telford's early years as the first county surveyor of Shropshire. These were marked by a challenging relationship with som eof the justices of the peace, his employers. Portrays Telford a an active moderniser of Shropshire's infrastructure. Gives particular reference to the upkeep of bridges and the creation of standardised cast iron designs for economy. Provides an overview of his work beyond the county. Describes his part in the development of Thomas Stanton who served as Telford's deputy. | ||
| 590 | _aKA | ||
| 600 | 1 | 4 | _aTelford, Thomas |
| 650 | 2 | 4 | _aBRIDGE ACT 1739 |
| 651 | 4 |
_aEngland and Wales _y1543- |
|
| 690 | _aENVIRONMENTAL AND LAND CONSULTANCY | ||
| 942 | _n0 | ||
| 999 |
_c106901 _d106901 |
||